|
|
|
|
| LEADER |
00000nab#a22000007a#4500 |
| 001 |
arbauad006505 |
| 003 |
AR-BaUAD |
| 005 |
20250711110757.0 |
| 008 |
941104|||||||||###||||||b###|0###a|spa|| |
| 040 |
|
|
|a AR-BaUAD
|c AR-BaUAD
|b spa
|
| 100 |
|
|
|a Pozzo, Horacio
|
| 245 |
|
|
|a Grupo Austral :
|b cincuenta años después /
|c Horacio Pozzo;
|
| 300 |
0 |
|
|b cortes, plantas
|
| 653 |
|
|
|a ARQUITECTURA MODERNA
|
| 653 |
|
|
|a ARGENTINA
|
| 653 |
|
|
|a GRUPO AUSTRAL
|
| 653 |
|
|
|a ANTEPROYECTOS
|
| 653 |
|
|
|a VIVIENDAS RURALES
|
| 653 |
|
|
|a DECADA DE 1930
|
| 653 |
|
|
|a SIGLO XX
|
| 773 |
0 |
|
|t SUMMA
|g no. 260 [abr. 1989], p. 20-21
|
| 942 |
|
|
|c ARTI
|
| 952 |
|
|
|0 0
|1 0
|4 0
|7 0
|9 51425
|a AR-BAuAD
|b AR-BAuAD
|d 2025-07-11
|l 0
|p AAQA006505
|r 2025-07-11 11:07:57
|w 2025-07-11
|y ARTI
|
| 990 |
|
|
|a AQ198
|b TD
|
| 998 |
|
|
|a AAQ
|b BIBUN76
|
| 999 |
|
|
|c 31098
|d 31098
|